Statistiques concernant Ils sont nés un 26 juin

Cliquez ici pour prendre le quiz!

Statistiques générales

  • Ce quiz a été pris 45 fois
  • Le résultat moyen est 5 sur 11

Statistiques - réponses

Answer % Correct
Ariana Grande
71%
Garou
71%
Benoît Hamon
69%
Paolo Maldini
60%
Véronique Genest
57%
Aimé Césaire
50%
Samir Nasri
45%
Salvador Allende
40%
Dany Boon
36%
Olivier Dahan
19%
Chris Isaak
17%

Distribution des résultats

Percentile par nombre de réponses

% des personnes avec chaque résultat

Votre développement - résultats

Vous n’avez pas pris ce quiz